000 00702nam a22002177a 4500
003 UA-OsUOA
001 73361
007 ta
008 20110223b un ||||| |||| 00| 0 ukr d
090 _a65.012.12
_bС83
942 _cBK
040 _aUA-OsUOA
_bukr
_cUA-OsUOA
_dUA-OsUOA
245 _aСтратегічний аналіз
_bНавчально-методичний посібник
300 _a160 с.
955 _a2
041 _aukr
080 _a65.012.12
260 _aЧернівці
_c2009
650 7 _a65 Управління підприємствами. Організація виробництва, торговлі та засоби зв'язку
_2UDC
999 _c359647
_d359647